AH International Schools' Libraries

Fantastic feats and ridiculous records / (Record no. 47860)

MARC details
000 -LEADER
fixed length control field 00339nam a2200121 4500
020 ## - INTERNATIONAL STANDARD BOOK NUMBER
International Standard Book Number 9780764143380
100 ## - MAIN ENTRY--PERSONAL NAME
Personal name Philips, Adam
9 (RLIN) 85673
245 ## - TITLE STATEMENT
Title Fantastic feats and ridiculous records /
Statement of responsibility, etc Philips, Adam
260 ## - PUBLICATION, DISTRIBUTION, ETC. (IMPRINT)
Place of publication, distribution, etc New York
Name of publisher, distributor, etc Barron's
Date of publication, distribution, etc 2009
300 ## - PHYSICAL DESCRIPTION
Extent 96 p.
Other physical details col. ill.
Dimensions 28 cm.
650 ## - SUBJECT ADDED ENTRY--TOPICAL TERM
Topical term or geographic name as entry element World Records
9 (RLIN) 33434
942 ## - ADDED ENTRY ELEMENTS (KOHA)
Source of classification or shelving scheme
Koha item type Book
Holdings
Withdrawn status Lost status Source of classification or shelving scheme Damaged status Not for loan Collection code Home library Current library Shelving location Date acquired Total Checkouts Full call number Barcode Date last seen Date checked out Price effective from Koha item type
          Reference Asian Hope Primary Library Asian Hope Primary Library Reference 11/18/2024 6 REF 031.02 PHI 207004 04/22/2026 04/08/2026 11/18/2024 Book

For any Logos Library related questions please contact Miss Art at swongnarasuk@asianhope.org.

For any Asian Hope Library related questions please contact Miss Raza at graza@asianhope.org.

Powered by Koha